| 000 | 00000nam##2200000za#4500 |
| 001 | 9.692976 |
| 003 | CaOODSP |
| 005 | 20210624233445 |
| 007 | cr ||||||||||| |
| 008 | 150407|2009||||xxc|||||o f|0| 0 eng|d |
| 040 | |aCaOODSP|beng |
| 043 | |an-cn--- |
| 086 | 1 |aHR4-6/2009E-PDF |
| 110 | 2 |aCanadian Human Rights Commission. |
| 245 | 10|aCanadian Human Rights Commission's policy on alcohol and drug testing |h[electronic resource] |
| 250 | |aRev. ed. |
| 260 | |bCanadian Human Rights Commission |cOctober 2009. |
| 300 | |a17p.|breferences |
| 590 | |a09-52|b2009-12-31 |
| 690 | 07|aHuman rights|2gcpds |
| 775 | 08|tPolitique de la Commission canadienne des droits de la personne sur le dépistage d'alcool et de drogues |w(CaOODSP)9.637184 |
| 856 | 40|ahttp://publications.gc.ca|qPDF|s136 KB|uhttps://publications.gc.ca/collections/collection_2009/ccdp-chrc/HR4-6-2009E.pdf |